| 000 | 00459cam a2200181ua 4500 | ||
|---|---|---|---|
| 020 | _c13.00 | ||
| 041 |
_aeng _h |
||
| 082 |
_a370.1 _bBRU/MO |
||
| 100 | _aBrubacher, John S . | ||
| 245 |
_aModern philosophies of education / _cJohn S Brubacher. _hTextual Documents |
||
| 250 |
_a3 / _b. |
||
| 260 |
_aNew York : _bMcGraw Hill Book Company , _c1962. |
||
| 300 | _a373 ; . | ||
| 365 | _a13.00 | ||
| 504 | _a | ||
| 942 | _cBK | ||
| 999 |
_c12163 _d12163 |
||